000 00582nam a2200205Ia 4500
005 20250508160738.0
008 008 250505s9999 xx 000 0 eng d
020 _a0-03-086633-2
037 _aTextual
040 _aFEDL
_beng
_cFEDL
041 _aeng
_2eng
084 _a301.15, MCC
_qFEDL
100 _aMcClintock Charles Graham
_9769265
245 0 _aExperimental social psychology
260 _aNew York, USA
_bHolt, Rinehart and Winston
_c1972
300 _axx,585p.
650 _aSociology
942 _cTEXL
_h301.15, MCC
999 _c1366369
_d1366369